General, organic, and biochemistry / (Record no. 15449)
[ view plain ]
| 000 -LEADER | |
|---|---|
| fixed length control field | 01381cam a2200397 a 4500 |
| 001 - CONTROL NUMBER | |
| control field | 13022238 |
| 003 - CONTROL NUMBER IDENTIFIER | |
| control field | OSt |
| 005 - DATE AND TIME OF LATEST TRANSACTION | |
| control field | 20150825092829.0 |
| 008 - FIXED-LENGTH DATA ELEMENTS--GENERAL INFORMATION | |
| fixed length control field | 021206s2004 maua 001 0 eng |
| 010 ## - LIBRARY OF CONGRESS CONTROL NUMBER | |
| LC control number | 2002044887 |
| 020 ## - INTERNATIONAL STANDARD BOOK NUMBER | |
| International Standard Book Number | 0071237321 |
| 040 ## - CATALOGING SOURCE | |
| Original cataloging agency | DLC |
| Transcribing agency | DLC |
| Modifying agency | DLC |
| 050 00 - LIBRARY OF CONGRESS CALL NUMBER | |
| Classification number | QD 253.2 |
| Item number | .D411 2004 |
| 082 00 - DEWEY DECIMAL CLASSIFICATION NUMBER | |
| Classification number | M 540 |
| Item number | D28 2004 |
| 100 1# - MAIN ENTRY--PERSONAL NAME | |
| Personal name | Denniston, K. J. |
| Fuller form of name | (Katherine J.) |
| 245 10 - TITLE STATEMENT | |
| Title | General, organic, and biochemistry / |
| Statement of responsibility, etc | Katherine J. Denniston,. |
| 250 ## - EDITION STATEMENT | |
| Edition statement | 4th edition. |
| 260 ## - PUBLICATION, DISTRIBUTION, ETC. (IMPRINT) | |
| Place of publication, distribution, etc | Boston : |
| Name of publisher, distributor, etc | McGraw-Hill Higher Education, |
| Date of publication, distribution, etc | 2004. |
| 300 ## - PHYSICAL DESCRIPTION | |
| Extent | xxxi, 880 pages : |
| Other physical details | illustrations ; |
| Dimensions | 29 cm. |
| 500 ## - GENERAL NOTE | |
| General note | Includes index. |
| 526 ## - STUDY PROGRAM INFORMATION NOTE | |
| Reading level | 1210L to 1700L |
| 562 ## - COPY AND VERSION IDENTIFICATION NOTE | |
| Number of copies | 4 |
| 650 #0 - SUBJECT ADDED ENTRY--TOPICAL TERM | |
| Topical term or geographic name as entry element | Chemistry, Organic. |
| 650 #0 - SUBJECT ADDED ENTRY--TOPICAL TERM | |
| Topical term or geographic name as entry element | Biochemistry. |
| 700 1# - ADDED ENTRY--PERSONAL NAME | |
| Personal name | Topping, Joseph J. |
| 700 1# - ADDED ENTRY--PERSONAL NAME | |
| Personal name | Caret, Robert L., |
| Dates associated with a name | 1947- |
| 856 42 - ELECTRONIC LOCATION AND ACCESS | |
| Materials specified | Publisher description |
| Uniform Resource Identifier | <a href="http://www.loc.gov/catdir/description/mh031/2002044887.html">http://www.loc.gov/catdir/description/mh031/2002044887.html</a> |
| 856 41 - ELECTRONIC LOCATION AND ACCESS | |
| Materials specified | Table of contents |
| Uniform Resource Identifier | <a href="http://www.loc.gov/catdir/toc/mh031/2002044887.html">http://www.loc.gov/catdir/toc/mh031/2002044887.html</a> |
| 906 ## - LOCAL DATA ELEMENT F, LDF (RLIN) | |
| a | 7 |
| b | cbc |
| c | orignew |
| d | 1 |
| e | ocip |
| f | 20 |
| g | y-gencatlg |
| 942 ## - ADDED ENTRY ELEMENTS (KOHA) | |
| Source of classification or shelving scheme | Library of Congress Classification |
| Koha item type | Books |
| Withdrawn status | Lost status | Source of classification or shelving scheme | Damaged status | Home library | Current library | Shelving location | Date acquired | Source of acquisition | Total Checkouts | Full call number | Barcode | Date last seen | Copy number | Price effective from | Koha item type |
|---|---|---|---|---|---|---|---|---|---|---|---|---|---|---|---|
| Library of Congress Classification | Archives | Archives | 04/23/2012 | Donation | QD 253.2 .D411 2004 | C10914 | 05/15/2018 | 4 | 04/23/2012 | Books | |||||
| Library of Congress Classification | Archives | Archives | 05/21/2013 | Donation | QD 253.2 .D411 2004 | C5882 | 05/15/2018 | 1 | 05/21/2013 | Books | |||||
| Library of Congress Classification | Archives | Archives | 08/25/2015 | Donation | QD 253.2 .D411 2004 | C19766 | 05/15/2018 | 08/25/2015 | Books | ||||||
| Library of Congress Classification | College Library | College Library | General Circulation Section | 05/21/2013 | QD 253.2 .D411 2004 | c8326 | 05/15/2018 | 3 | 05/21/2013 | Books | |||||
| Library of Congress Classification | College Library | College Library | General Circulation Section | 05/21/2013 | QD 253.2 .D411 2004 | c5895 | 05/15/2018 | 2 | 05/21/2013 | Books |